000 00610nam a2200229Ia 4500
003 OSt
005 20220924133737.0
006 a|||||r|||| 00| 0
007 ta
008 220923b |||||||| |||| 00| 0 urd d
024 _a268577
037 _cTextual
040 _aARTS
_cARTS
_burd
041 _2urd
_aurd
082 _aV23621.K, 168K8
100 _aAshraf Chaudhari Mohammad Au.
_9207239
245 0 _aMeo qaum aur Mewat
260 _c1968
650 _aHARYANA - HISTORY
942 _hV23621.K, 168K8
_cTEXL
_2CC
999 _c435023
_d435023